Obálka Náhled e-knihy:
PDF
Pro půjčování e-knih musíte být přihlášeni.
Jak si půjčit online?

Třešně /

Sbírka poezie o sladkosti běžných dní. Jaké je to, okusit třešně? Co když ztrpknou v těžkostech, na které je i sám život krátký? Po čem tak asi chutnají...

Uloženo v:
Hlavní autor: Gaberová, Lucie, 2003- (Autor)
Médium: E-kniha
Jazyk:Czech
Vydáno: V Praze : Pointa, 2025
Vydání:První vydání
Témata:
Tagy:
Žádné tagy
LEADER 02002nam a2200373 i 4500
001 312696
003 CZ PrSKC
005 20260601215727.0
007 ta
008 250422s2025 xr g 000 p cze
015 |a cnb003681571 
020 |a 9788076916494  |q (brožováno) :  |c Kč 249,00 
035 |a (OCoLC)1519102512 
040 |a ABG001  |b cze  |e rda 
072 7 |a 821.162.3-1  |x Česká poezie  |2 Konspekt 
080 |a 821.162.3-1  |2 MRF 
080 |a (0:82-1)  |2 MRF 
100 1 |a Gaberová, Lucie,  |d 2003-  |7 xx0332560  |4 aut 
245 1 0 |a Třešně /  |c Lucie Gaberová 
250 |a První vydání 
264 1 |a V Praze :  |b Pointa,  |c 2025 
300 |a 65 stran ;  |c 21 cm 
336 |a text  |b txt  |2 rdacontent 
337 |a bez média  |b n  |2 rdamedia 
338 |a svazek  |b nc  |2 rdacarrier 
520 2 |a Sbírka poezie o sladkosti běžných dní. Jaké je to, okusit třešně? Co když ztrpknou v těžkostech, na které je i sám život krátký? Po čem tak asi chutnají...  |b Básně o výhrách a prohrách v lásce, nenávisti a nalezeném odpuštění, o plodech, které voní na míle daleko, a nevinnosti skryté v živlech, které v autorce zažehly život. O každém sentimentu, který v nás klíčí, o nalezení svého vlastního místa ve světě a o tom, jaké to je, ztratit a nalézt svou vlastní hodnotu. O třešních, které zrají všemi barvami. A o pochopení, že vždy nechutnají jenom sladce. Nakladatelská anotace. Kráceno. 
655 7 |a česká poezie  |7 fd133958  |2 czenas 
655 9 |a Czech poetry  |2 eczenas 
900 |a ABA001  |b 19 
928 9 |a Albatros Media - Pointa 
044 |a xr 
910 |a RBIT002 
998 |d 419898  |a https://core.palmknihy.cz/api/books/419898/cover?sunj8e  |b https://core.palmknihy.cz/api/books/419898/cover/400?sunj8e  |c https://core.palmknihy.cz/api/books/419898/cover/50?sunj8e  |e 2029-04-18  |g 72  |i 9788076916494  |k https://core.palmknihy.cz/api/books/419898/preview.pdf  |l   |q 49  |r 1  |s https://www.palmknihy.cz/kniha/419898  |t ebook  |y 2025  |z 0 
999 |d 312694